000 00642nam a22002057a 4500
999 _c11416
_d11416
003 AR-CdUCM
008 190403b ||||| |||| 00| 0 spa d
040 _aMUNICIPALIDAD PROVINCIAL DEL CUSCO
_cBIBLIOTECA MUNICIPAL DEL CUSCO
082 _aEP / 398.25 /
_bG25
100 _aGarrido-Lecca, Hernán
_925398
245 _aLa vicuña de ocho patas /
260 _aLima :
_bBruño,
300 _a34 paginas ;
_bIlustraciones,
_c27 cm.
440 _aColección mitos y leyendas
_928764
505 _aContenido :Folklor peruano /
650 _aEducación primaria
_91561
650 _aFlorklore
_928765
942 _2ddc
_cLIBROS
945 _arjall